@Osvaldocar12 Fill the Gap in the Tweets #1 - Statistics

General Stats
  • This quiz has been taken 1 time
  • The average score is 11 of 15
Answer Stats
@Osvaldocar12 Tweet % Correct
100% of {blind} {people} can’t see, together we can stop this
100%
Almost everyone in africa is born on their {birthday}
100%
Everytime a child is born in africa the {population} increases
100%
Good morning for everyone except {@AlikoDangote}. I hate {aliko dangote}. Have a nice day [image]
100%
guess what @TwitterSupport now i can type more than {11} {characters} [image]
100%
i had 100 followers and i got like {500} in 2 days what is happening
100%
In africa, the average person finds it difficult to {read} with their eyes closed
100%
my {doggo} [image
100%
never buy anything online i bought an {ps5} and this is what happened [image]
100%
Osvaldo
100%
r people wondering why aliko {blocked} me. It’s because i exposed him once again. This guy is a fraud, a liar and a scammer. [image] [image]
100%
i had 10 followers 1 day ago now i have {40}, did anyone make new memes about me or something? thank you
0%
i just hit {8k} subscribersthanks everyone!
0%
In africa {over 90%} of married people were married on their wedding day
0%
just for clarification my first acc was called {osvaldo12} and i got banned because aliko dangote reported it. this little —— @{osvaldo12} stole my username.
0%
No matching quizzes found
Score Distribution
Percent of People with Each Score
Percentile by Number Answered
Your Score History
You have not taken this quiz